000 00313nam a22001457a 4500
008 210310b ||||| |||| 00| 0 eng d
020 _a9780176656690
041 _aeng
080 _23rd
_a371
082 _a371
100 _a46
101 _aEDU
245 _aCheckmate Workbook
_cBuckley,J
942 _2udc
_cBK
999 _c56203
_d56203